000
00332nam a2200145Ia 4500
100
_a
Vahid/Frank/ Givargis/Tony
942
_c
BK
366
_f
15
654
_a
embedded
245
_a
Embedded system design:A unified Hardware/Software
260
_b
John Wiley
_c
2002
082
_a
3.3
_b
VAH
300
_a
324
546
_a
ENGLISH
999
_c
30260
_d
30260